000 00684nam a22001575i 4500
001 162914
003 ES-MaACL
005 20230906212629.0
008 050712s1861 fr |||| | fre d
040 _aCAM
_bspa
_cCAM
100 1 _aRamière, Henry (
_d1821-1884)
_9131575
245 1 0 _aDe l'unité dans l'enseignement de la philosophie au sein des écoles catholiques
_b: d'après les récentes décisions des congregations romaines /
_cpar le P. H. Ramière de la Compagnie de Jésus.
260 _aParis ;
_aLyon :
_bLibraire Catholique de Périsse Frères,
_c[s.a.] (
_eLe Puy :
_fImp. Machessou)
300 _aXIV, 220 p. ;
_c23 cm.
852 _aES-MaACL
_jG-10837
_z-- Enc. hol.
999 _c162914
_d162914